Wszystkie miasta w Polsce na S - Statystyki

Ogólne statystyki
  • Ten quiz został rozwiązany 224 razy
  • Średni wynik to 32 z 105
Statystyki odpowiedzi
Ludność MIasto % Poprawnych
404 461 Szczecin
95%
204 552 Sosnowiec
78%
90 968 Słupsk
75%
69 639 Suwałki
75%
77 813 Siedlce
68%
23 863 Sandomierz
67%
40 211 Szczecinek
67%
66 963 Siemianowice Śląskie
62%
67 430 Stargard
62%
37 089 Sopot
61%
38 397 Sanok
59%
48 327 Skierniewice
56%
49 513 Starachowice
56%
48 136 Starogard Gdański
55%
42 762 Sieradz
54%
47 987 Skarżysko-Kamienna
52%
30 739 Swarzędz
50%
27 013 Szczytno
50%
6 226 Sulejów
46%
60 179 Stalowa Wola
45%
16 816 Słubice
44%
5 734 Szczyrk
43%
37 306 Sochaczew
42%
17 900 Strzelce Opolskie
42%
19 311 Sulejówek
42%
5 934 Sejny
41%
18 835 Szamotuły
41%
15 169 Siemiatycze
40%
18 791 Sierpc
39%
18 331 Sokółka
39%
18 720 Sokołów Podlaski
39%
12 511 Sławno
36%
17 012 Sulechów
36%
5 807 Szczawnica
36%
9 243 Sępólno Krajeńskie
35%
9 020 Stary Sącz
35%
10 168 Sulęcin
35%
15 517 Staszów
34%
6 639 Sędziszów
33%
10 012 Strzelce Krajeńskie
33%
24 325 Skawina
32%
13 773 Słupca
32%
9 295 Sucha Beskidzka
32%
5 117 Szczebrzeszyn
32%
16 272 Strzegom
31%
4 133 Sokołów Małopolski
30%
12 423 Strzelin
30%
15 661 Solec Kujawski
29%
1 090 Szydłów
29%
11 854 Szydłowiec
28%
14 504 Skoczów
27%
5 608 Szczawno-Zdrój
27%
10 127 Sztum
27%
6 557 Szklarska Poręba
26%
4 353 Serock
25%
10 413 Syców
25%
12 226 Sędziszów Małopolski
24%
6 054 Strzelno
24%
4 621 Supraśl
24%
4 311 Sława
23%
3 679 Szczekociny
23%
11 944 Szprotawa
22%
6 606 Sianów
21%
6 046 Sieraków
21%
3 770 Skała
21%
6 981 Sobótka
21%
8 893 Strzyżów
21%
4 128 Szczucin
21%
4 375 Skaryszew
19%
3 493 Stryków
19%
2 146 Sieniawa
18%
5 520 Siewierz
18%
7 103 Skarszewy
18%
7 017 Sławków
18%
8 478 Suchedniów
18%
9 326 Szubin
18%
3 512 Skórcz
17%
3 426 Szczuczyn
17%
5 141 Szczytna
17%
1 970 Sępopol
16%
7 410 Siechnice
16%
1 292 Skalbmierz
16%
6 614 Sułkowice
16%
7 017 Słomniki
15%
5 709 Stronie Śląskie
15%
5 610 Susz
15%
5 952 Stęszew
14%
2 196 Suchowola
14%
992 Suraż
14%
4 302 Szamocin
14%
3 695 Sompolno
13%
6 110 Stąporków
13%
3 866 Skoki
12%
1 957 Szadek
12%
1 289 Szlichtyngowa
12%
1 881 Sośnicowice
11%
2 719 Stoczek Łukowski
11%
2 209 Szepietowo
11%
3 607 Skępe
10%
1 530 Stawiszyn
10%
3 696 Strumień
10%
1 490 Suchań
9%
2 229 Stawiski
8%
2 772 Sulmierzyce
8%
9 669 Skawierzyna
1%
Nie znaleziono quizów pasujących do podanych kryteriów
Rozkład punktacji
Procent ludzi z każdym wynikiem
Percentyl według liczby udzielonych odpowiedzi
Twoja historia wyników
Nie rozwiązałeś tego quizu